INDIA general knowledge quiz - Statistics

General Stats
  • This quiz has been taken 114 times
  • The average score is 7 of 8
Answer Stats
Question Answer % Correct
which is the capital of india delhi
100%
which is the smallest state goa
100%
in which state gandhi was born ? gujarat
100%
which is the largest state in india ? rajasthan
100%
which is the old name of mumbai bombay
92%
which is the old name of chennai madras
92%
which state was seperated from andhra pradesh ? telengana
83%
which is the largest union territory ladakh
75%
No matching quizzes found
Score Distribution
Percent of People with Each Score
Percentile by Number Answered
Your Score History
You have not taken this quiz